Представление документа в формате RUSMARC

ПолеНазваниеЗначение
  Тип записи a
  Библиографический уровень c
001 Контрольный номер 57f6e5a4b6524c6b99d81a52b7e00070
005 Дата корректировки 20201206205152.4
010 Индекс ISBN __
a ISBN 978-5-04-093037-1 (в пер.)
d Цена 280-50, 3000 экз.
100 Данные общей обработки __
a Данные общей обработки 19201812d2018||||||| 0rusy0189 ca
101 Язык документа 0_
a Язык текста rus
102 Страна публикации __
a Страна публикации ru|
102 Страна публикации __
a Страна публикации RU
105 Кодированные данные (монография) __
a Кодированные данные (монография) #||||||||||zy
200 Заглавие и сведения об ответственности 1_
a Заглавие Простить нельзя помиловать
e Сведения, относящиеся к заглавию [сборник]
f Первые сведения об ответственности Юлия Лавряшина
b Общее обозначение материала Текст
210 Выходные данные __
a Место издания Москва
c Издательство Э
d Дата издания 2018
215 Физическое описание __
a Объем 313, [2] с.
d Формат 21 см
225 Серия __
a Серия За чужими окнами
327 Примечание о содержании __
a Примечание о содержании Темное эхо : роман
327 Примечание о содержании __
a Примечание о содержании Звезды, шары и молнии : повесть
330 Аннотация __
a Аннотация У нее была благополучная семья - заботливый муж и двое детей. У нее были любимая профессия и обустроенный дом… Но одна-единственная встреча перевернула всю прошлую жизнь. Последовав за любимым, Маша оставила за спиной все, что было у нее раньше. Разве женщина не имеет права на счастье?! Разве она виновная, а не жертва? Нуждается ли она в прощении? Или в жалости?
333 Примечание о целевом назначении __
a Примечание о целевом назначении 16+. Для детей старше 16 лет
606 Тематические рубрики __
a Основная рубрика Художественная литература
606 Тематические рубрики __
a Основная рубрика Современная русская литература (произведения)
610 Ключевые слова __
a Ключевые слова женская проза
610 Ключевые слова __
a Ключевые слова женские романы
610 Ключевые слова __
a Ключевые слова романы
610 Ключевые слова __
a Ключевые слова семейные романы
610 Ключевые слова __
a Ключевые слова современная проза
610 Ключевые слова __
a Ключевые слова тема женщины
610 Ключевые слова __
a Ключевые слова тема семьи
610 Ключевые слова __
a Ключевые слова тема любви
610 Ключевые слова __
a Ключевые слова тема женщины
610 Ключевые слова __
a Ключевые слова тема мужчины
610 Ключевые слова __
a Ключевые слова тема взаимоотношений
686 Индексы других классификаций __
2 Код системы rubbks
a Классификационный индекс 84(2=411.2)6-4; ст84(2Рос=Рус)6-4
700 Автор _1
a Фамилия Лавряшина
b Имя Ю. А.
f Даты 1965-
g Полное личное имя Юлия Александровна
4 Код отношения 070
801 Источник записи _0
a Страна ru
b Организация Муниципальное бюджетное учреждение культуры "Централизованная библиотечная система" г. Сургут (Центральная городская библиотека им. А. С. Пушкина)
c Дата составления 20201812
g Правила каталогизации PSBO
801 Источник записи _1
a Страна ru
b Организация Муниципальное бюджетное учреждение культуры "Централизованная библиотечная система" г. Сургут (Центральная городская библиотека им. А. С. Пушкина)
c Дата составления 20201812
g Правила каталогизации PSBO
852 Данные о местонахождении __
j Шифр хранения 84(2=411.2)6-4
i Авторский знак Л 13
901 Тип документа __
t Тип документа x
a Ответственный КиК/Трушникова
903 Характеристики (МАРС) __
a Дата передачи 20181212
990 Данные о заказе (DOS) __
j Количество экземпляров (DOS) 5
t N записи в КСУ для И/У (DOS) 201811